Identifiez la Langue sur la Carte du Monde #1 - Statistiques

Statistiques générales
  • Ce quiz a été pris 56 123 fois
  • Le résultat moyen est 10 sur 18
Réponses sur la Carte
Les réponses sont colorées sur une échelle allant du rouge au vert en fonction du pourcentage des utilisateurs qui les ont devinées à leur premier essai. Vous pouvez retrouver ces pourcentages ci-dessous.
 
Statistiques - réponses
Réponse % Correct
Hier, il est allé à son travail pour construire une voiture rouge.
94%
Yesterday, he went to his job to build a red car.
86%
Ayer fue a su trabajo para construir un auto rojo.
83%
Ieri è andato al suo lavoro per costruire una macchina rossa.
81%
Gestern ging er zu seiner Arbeit, um ein rotes Auto zu bauen.
69%
Al-bariha dhahaba 'iilaa wazifatih libina'i sayaaratin hamraa'a.
67%
Kinō kare wa akai kuruma o tsukuru tame ni shigoto ni ikimashita.
55%
Dün kırmızı bir araba yapmak için işine gitti.
54%
Wczoraj poszedł do swojej pracy, aby zbudować czerwony samochód.
52%
Gisteren ging hij naar zijn werk om een rode auto te bouwen.
51%
Zuótiān tā qù shàngbān qù zào yī liàng hóngsè de qìchē.
50%
Vchera on poshel na rabotu, chtoby postroit' krasnuyu mashinu.
42%
Eilen hän meni työpaikalleen rakentamaan punaista autoa.
35%
Í gær fór hann í vinnuna sína að smíða rauðan bíl.
33%
I nehinei ua hele ʻo ia i kāna hana e hana i kaʻa ʻulaʻula.
33%
Eoje geuneun ppalgan chaleul mandeulgi wihae jigjang-e gassda.
31%
Jana alienda kazini kwake kujenga gari jekundu.
28%
Kal voh laal rang ki gaadi banaane apne kaam par gaya tha.
23%
Aucun quiz correspondant
Distribution des résultats
% des personnes avec chaque résultat
Percentile par nombre de réponses
Votre historique - résultats
Vous n’avez pas pris ce quiz